000 03291nam0a2200457 4500
001 RU\NLR\BIBL_A\016272169
005 20260408214105.0
035 _a(NLR Aleph) 016272169
090 _a12889931
_c12889931
100 _a20200220d1903 |||y0rusy50 ca
101 0 _arus
102 _aRU
105 _ay z 000zy
181 0 _ai
_baxxe
182 0 _an
200 1 _aО порядке закрытия частных коммерческих учебных заведений
_eпредставление по этому делу разослано Членам Государственного Совета в печатных экземплярах
_fГосударственный Совет в Соединенных Департаментах промышленности, наук и торговли, законов и государственной экономии. Министерство финансов. 10 октября 1903 года. № 83
203 _aТекст
_bвизуальный
_cнепосредственный
210 _a[Cанкт-Петербург
_cб. и.]
_d1903
215 _a5 с.
_d34
300 _aВ конце текста: Подписали: Н. Петров, князь А. Оболенский, В. Калачов [и др.]; Скрепил: Исправляющий должность Статс-Секретаря Н. Покровский
300 _aНа 1-й с.: MXLIII
309 _aБез тит. л. и обл.
316 _aЭкз. РНБ входит в конволют: Материалы. Т. 26 (1903) / Россия. Государственный совет. Департамент промышленности, наук и торговли
_5NLR
517 1 _aМатериалы. Т. 26 (1903)
606 1 _aКоммерческие учебные заведения
_jДокументы и материалы
_yРоссия
_92382971
_3RU\NLR\AUTH\6601642494
606 _8rus
_aНегосударственное образование
_yРоссия
_7ca
_jДокументы и материалы
_3RU\NLR\AUTH\6601732721
_92573016
686 3 _aЧ424(28)73
686 3 _aЧ459.34(28)7
702 1 _4720
_8rus
_7ca
_aПетров
_bН. С.
_cгос. деятель
_f1833-1913
_gНиколай Степанович
_3RU\NLR\AUTH\7782850
_965778
702 1 _aКалачов
_bВ.
_4720
702 1 _4720
_7ca
_8rus
_aОболенский
_bА. Д.
_cкнязь, гос. деятель
_f1855-1933
_gАлексей Дмитриевич
_9198115
_3RU\NLR\AUTH\770198166
702 1 _4720
_7ca
_8rus
_aПокровский
_bН. Н.
_cгос. деятель
_f1865-1930
_gНиколай Николаевич
_9153763
_3RU\NLR\AUTH\770153801
711 0 1 _aРоссия
_bГосударственный совет
_3RU\NLR\AUTH\889948587
_9392796
711 0 1 _aРоссия
_bМинистерство финансов
_3RU\NLR\AUTH\889947360
_9390360
712 0 1 _4570
_aРоссия
_bСоединенные Департаменты промышленности, наук и торговли, законов и государственной экономии
_9841857
_3RU\NLR\AUTH\880588002
852 _aNLR
_j135/295-26(19)
942 _cBOOK
980 _aNB